| 000 -LEADER |
| fixed length control field |
02604pam a2200253 a 4500 |
| 003 - CONTROL NUMBER IDENTIFIER |
| control field |
KPN |
| 005 - DATE AND TIME OF LATEST TRANSACTION |
| control field |
20260429100908.0 |
| 008 - FIXED-LENGTH DATA ELEMENTS--GENERAL INFORMATION |
| fixed length control field |
20260429b 00| 0 my d |
| 020 ## - INTERNATIONAL STANDARD BOOK NUMBER |
| International Standard Book Number |
9789671040461 |
| Terms of availability |
RM17.00 |
| Qualifying information |
paperback |
| 040 ## - CATALOGING SOURCE |
| Transcribing agency |
KPN |
| 082 04 - DEWEY DECIMAL CLASSIFICATION NUMBER |
| Classification number |
BM FK AIN 2012 |
| Edition number |
23 |
|
| Koha Dewey Subclass [OBSOLETE] |
BM FK AIN 2012 |
| 100 0# - MAIN ENTRY--PERSONAL NAME |
| Personal name |
Ain Maisarah |
| Dates associated with a name |
1982- |
| 245 10 - TITLE STATEMENT |
| Title |
Aku mahu cincin di jari / |
| Statement of responsibility, etc. |
Ain Maisarah, Naim Jalil |
| 260 ## - PUBLICATION, DISTRIBUTION, ETC. |
| Place of publication, distribution, etc. |
Batu Caves, Selangor : |
| Name of publisher, distributor, etc. |
Blink Book, |
| Date of publication, distribution, etc. |
2012 |
| 300 ## - PHYSICAL DESCRIPTION |
| Extent |
273 pages; |
| Other physical details |
illustrations; |
| Dimensions |
19cm. |
| 490 1# - SERIES STATEMENT |
| Series statement |
Siri aku mahu |
| 521 ## - TARGET AUDIENCE NOTE |
| Target audience note |
Sekolah Sri Bangsar Gempar lagi! Sepasang Romeo & Juliet sedang dicari. Pai’e merasakan, inilah peluangnya untuk lari dari jolokan Raja Lawak lantas sedaya upaya berusaha merebut gelaran Romeo Sri Bangsar pula. Apakan daya, wajahnya yang biasa-biasa tidak membawanya ke mana-mana, walaupun dia berjaya meraih perhatian juri dengan markah tertinggi. Namun, dengan bantuan rakan karibnya, Afdlin dan Fizruz, Pai’e bertekad memulakan misi baru, dia mahu menjadi Romeo dengan caranya tersendiri, dia mahu mendapatkan tiga orang Juliet sebelum pementasan teater bermula. Berbagai usaha dan ikhtiar dilaksanakan untuk mencari sepuluh calon Juliet, yang memenuhi ciri-ciri dan kriteria idaman mereka. Akhirnya mereka berjaya mengenalpasti lapan calon yang berjaya mencapai markah tertinggi dalam piawaian yang mereka tetapkan. Sepucuk surat salam perkenalan diutus kepada setiap calon dengan menggunakan nama samaran Prince XCharming. Pai’e hampir kecewa, daripada lapan, hanya empat calon sahaja bersetuju menerima persahabatan yang Pai’e hulurkan. Pai’e meneruskan misi untuk menghampiri peribadi dan mengenali hati budi Chef de Diva, Jarum Emas Genit, Ayu Si Tudung Labuh dan Wanita Besi Koperasi. Pai’e juga menghadiahkan sebentuk cincin ceri kepada setiap calon Juliet. Tanpa diduga, Chef de Diva tersangatlah garang, Ayu Si Tudung Labuh pula terlalu pingitan. Tatkala Pai’e menyerlahkan identiti, Jarum Emas Genit pun menarik diri, kerana belum bersedia lagi untuk menjadi Ratu Lawak Sri Bangsar. Pada masa yang sama, Wanita Besi Koperasi sudah menghidu tembelang Pai’e lantas memutuskan persahabatan yang baru mula mekar. Hampir sahaja Pai’e putus asa. Atas desakan dan dorongan Afdlin dan Fizruz, Pai’e merayu untuk bersemuka dengan Afiqah yang diberi nama kod Wanita Besi Koperasi. Berbekalkan cincin ceri di jari sebagai pengenalan diri, Pai’e menanti dengan debar pada hari dan masa yang dijanji. |
| 650 10 - SUBJECT ADDED ENTRY--TOPICAL TERM |
| Topical term or geographic name entry element |
Malaysian fiction (Malay) |
|
| Topical term or geographic name entry element |
Malay fiction |
| 700 0# - ADDED ENTRY--PERSONAL NAME |
| Personal name |
Naim Jalil |
| 830 #0 - SERIES ADDED ENTRY--UNIFORM TITLE |
| Uniform title |
Siri aku mahu |
| 942 ## - ADDED ENTRY ELEMENTS (KOHA) |
| Source of classification or shelving scheme |
|
| Koha item type |
Book |
| Suppress in OPAC |
No |